Sculpture, drama, landscape, pots for Aragon (Record no. 175711)

MARC details
000 -LEADER
campo de control de longitud fija 00789nam a2200205 i 4500
001 - NÚMERO DE CONTROL
campo de control 175711
003 - IDENTIFICADOR DE NÚMERO DE CONTROL
campo de control ES-MaACL
005 - FECHA Y HORA DE LA ÚLTIMA TRANSACCIÓN
campo de control 20250816085425.0
008 - DATOS DE LONGITUD FIJA--INFORMACIÓN GENERAL
campo de control de longitud fija 101118s1983 sp |||| | spa d
080 ## - NÚMERO DE LA CLASIFICACIÓN DECIMAL UNIVERSAL
Número de la Clasificación Decimal Universal 73.036(083.824)
245 00 - MENCIÓN DEL TÍTULO
Título Sculpture, drama, landscape, pots for Aragon
Resto del título : 13 agosto al 17 septiembre 1983, Sabiñánigo, El Puente, Huesca, España, Leonardo, Galería de Arte, Zaragoza, 13 septiembre al 11 octubre 1983.
260 ## - PUBLICACIÓN, DISTRIBUCIÓN, ETC.
Lugar de publicación, distribución, etc. Zaragoza :
Nombre del editor, distribuidor, etc. Leonardo, Galería de Arte,
Fecha de publicación, distribución, etc. 1983.
300 ## - DESCRIPCIÓN FÍSICA
Extensión 40 p. :
Otras características físicas il. ;
Dimensiones 25 cm.
546 ## - NOTA DE IDIOMA
Nota de lengua/lenguaje Textos en castellano e inglés.
650 #0 - PUNTO DE ACCESO ADICIONAL DE MATERIA--TÉRMINO DE MATERIA
Término de materia o nombre geográfico como elemento de entrada Escultura-
Subdivisión cronológica S.XX-
Subdivisión de forma Exposiciones
9 (RLIN) 185010
655 #7 - TERMINO DE INDIZACIÓN--GENERO/FORMA
Fuente del término tgfbne
9 (RLIN) 193628
Datos o término principal de género/forma Catálogos de exposiciones
852 ## - LOCALIZACIÓN
Ubicación ES-MaACL
Número de control de estantería 2303-F-31
942 ## - ELEMENTOS DE ENTRADA SECUNDARIOS (KOHA)
Fuente del sistema de clasificación o colocación Clasificación decimal universal
Holdings
Estatus retirado Estado de pérdida Estado de daño No para préstamo Colección Biblioteca de origen Biblioteca actual Ubicación en estantería Fecha de adquisición Fuente de adquisición Total de préstamos Signatura topográfica completa Código de barras Visto por última vez Precio de reemplazo Tipo de ítem Koha
        Colección de folletos Biblioteca del Ateneo de Madrid Biblioteca del Ateneo de Madrid Depósito folletos 18/11/2010     2303-F-31 1184515 23/02/2023 23/02/2023 Folleto